Statistics for Flags of the Countries with the Longest One-Word Names

Click here to take the quiz!

General Stats

  • This quiz has been taken 2,521 times
  • The average score is 5 of 6

Answer Stats

Answer% Correct
Switzerland
98%
Netherlands
95%
Philippines
93%
Turkmenistan
93%
Liechtenstein
88%
Afghanistan
79%

Score Distribution

Percentile by Number Answered

Percent of People with Each Score

Your Score History

You have not taken this quiz